• 首页
  • 本馆介绍
  • 公告通知
  • 最新文献
  • 馆藏检索
  • 电子资源
  • 读者导购
  • 参考咨询
  • 我的图书馆
  • 登录
  • 详细信息显示
  • 放入我的书架
  • 预约/预借图书
  • 作者相关作品
  • 分类相关作品
  • 丛书相关作品
  • 出版社相关作品

书目信息

  • 表格格式
  • 工作单格式
  • 卡片格式
题名:
亚洲崛起的力量
    
 
作者: 陈铭 编著
分册:  
出版信息: 北京   中国华侨出版社  2012.10
页数: 259页
开本: 24cm
丛书名:
单 册:
中图分类: B3
科图分类:
主题词: 思想史--亚洲 , 思想史
电子资源:
ISBN: 978-7-5113-2774-1
000 00851nam0 2200253 450
001 010050014545
005 20121010081230.84
010    @a978-7-5113-2774-1@dCNY29.80
100    @a20121010d2012 em y0chiy50 ea
101 0  @achi
102    @aCN@b110000
105    @ay z 000yy
106    @ar
200 1  @a亚洲崛起的力量@9ya zhou jue qi de li liang@e一本书读懂东方思想@f陈铭编著
210    @a北京@c中国华侨出版社@d2012.10
215    @a259页@d24cm
330    @a本书旨在讲解以中国、印度及日本为主的东方思想,精要介绍了东方思想文化的历史进程与发展规律,视野广阔,贯通古今,通览中国、印度与日本文化的历史,观澜索源。
517 1  @a一本书读懂东方思想@9yi ben shu du dong dong fang si xiang
606 0  @a思想史@y亚洲
606 0  @a思想史
690    @aB3@v5
701  0 @a陈铭@9chen ming@4编著
801  0 @aCN@bRENTIAN@c20121010
905    @dB3@e2
    
    亚洲崛起的力量:一本书读懂东方思想/陈铭编著.-北京:中国华侨出版社,2012.10
    259页;24cm
    
    
    ISBN 978-7-5113-2774-1:CNY29.80
    本书旨在讲解以中国、印度及日本为主的东方思想,精要介绍了东方思想文化的历史进程与发展规律,视野广阔,贯通古今,通览中国、印度与日本文化的历史,观澜索源。
●
相关链接 在E读中查询图书 在五车中查询图书 在当当中查询图书 在豆瓣中查询图书


正题名:亚洲崛起的力量     索取号:B3/2         预约/预借

序号 登录号 条形码 馆藏地/架位号 状态 备注
1 0545528   205455283   第一样本阅览室/ [索取号:B3/2] 在馆    
2 0545529   205455292   第一借阅区/ [索取号:B3/2] 在馆    
3 0545530   205455309   第一借阅区/ [索取号:B3/2] 在馆    
4 0545531   205455318   第一借阅区/ [索取号:B3/2] 在馆    
5 0545532   205455327   第一借阅区/ [索取号:B3/2] 在馆    
6 0834936   208349367   第一样本阅览室/ [索取号:B3/2] 在馆    
7 0834937   208349376   第一借阅区/ [索取号:B3/2] 在馆    
8 0834938   208349385   第一借阅区/ [索取号:B3/2] 在馆    
9 0834939   208349394   第一借阅区/ [索取号:B3/2] 在馆    
10 0834940   208349401   第一借阅区/ [索取号:B3/2] 在馆    
11 0834941   208349410   第一借阅区/ [索取号:B3/2] 在馆    
唐山师范学院图书馆 欢迎您!
大连网信软件有限公司© 版权所有